[Event "37. Open Barberá del Vallés 2014"]
[Site "Barberá del Vallés ESP"]
[Date "2014.07.11"]
[Round "8.38"]
[White "Soto Balastegui, Victor"]
[Black "Nadal Fajardo, Ricard"]
[Result "0-1"]
[WhiteElo "1962"]
[BlackElo "1999"]
[PlyCount "96"]
[EventDate "2014.07.04"]
[EventType "swiss"]
[EventRounds "9"]
[EventCountry "ESP"]
[Source "lmi"]
[SourceDate "2014.07.04"]

1. g4 e6 2. Bg2 c5 3. c4 h5 4. gxh5 Rxh5 5. Nf3 Nc6 6. Nc3 Nf6 7. d3 a6 8. Bf4
d6 9. e3 Rh8 10. Qe2 Be7 11. O-O-O Bd7 12. d4 cxd4 13. exd4 Rc8 14. Kb1 Na5 15.
Nd2 b5 16. c5 d5 17. Rde1 b4 18. Nd1 Bb5 19. Qe3 Nc6 20. Bh3 Nxd4 21. Be5 Bxc5
22. Bxd4 Bxd4 23. Qxd4 Rxh3 24. Ne3 Rh5 25. Qxb4 Qb6 26. Qb3 Qd4 27. Rd1 Qd3+
28. Ka1 Qxb3 29. Nxb3 Ba4 30. Rc1 Rxc1+ 31. Rxc1 Rxh2 32. Nc5 Bb5 33. a4 Be2
34. b4 Nd7 35. Rc2 Nxc5 36. bxc5 Bc4 37. Nxc4 dxc4 38. Rd2 c3 39. Rd6 Rh5 40.
Rxa6 Rxc5 41. Ra8+ Ke7 42. Kb1 c2+ 43. Kc1 g5 44. a5 Kf6 45. a6 Kf5 46. a7 Rc7
47. Rb8 Rxa7 48. Kxc2 Ra2+ 0-1

[Event "37. Open Barberá del Vallés 2014"]
[Site "Barberá del Vallés ESP"]
[Date "2014.07.11"]
[Round "8.39"]
[White "Masferrer Niubo, Enric"]
[Black "Bekker, Gary"]
[Result "1/2-1/2"]
[WhiteElo "1996"]
[BlackElo "1820"]
[PlyCount "77"]
[EventDate "2014.07.04"]
[EventType "swiss"]
[EventRounds "9"]
[EventCountry "ESP"]
[Source "lmi"]
[SourceDate "2014.07.04"]

1. e4 e5 2. Nf3 Nc6 3. Bb5 a6 4. Ba4 Nf6 5. O-O Be7 6. Re1 b5 7. Bb3 d6 8. c3
O-O 9. d4 Bg4 10. Be3 Na5 11. Bc2 exd4 12. cxd4 c5 13. Nbd2 Nc6 14. Qc1 Qb6 15.
d5 Ne5 16. Nxe5 dxe5 17. f3 Bc8 18. a4 Bd7 19. a5 Qc7 20. b3 Rac8 21. Bd3 Nh5
22. Ra2 Nf4 23. Bxf4 exf4 24. e5 Bh4 25. Re2 Rfe8 26. d6 Qa7 27. Kh1 f6 28.
exf6 Rxe2 29. Bxe2 Bxf6 30. Ne4 Be5 31. Rc2 Bf5 32. Rxc5 Rxc5 33. Qxc5 Qxc5 34.
Nxc5 Bxd6 35. Nd3 Bxd3 36. Bxd3 Bb4 37. Be4 Bxa5 38. Bb7 b4 39. Bxa6 1/2-1/2

[Event "37. Open Barberá del Vallés 2014"]
[Site "Barberá del Vallés ESP"]
[Date "2014.07.11"]
[Round "8.40"]
[White "Las Heras Aixandri, Guillem"]
[Black "Estepa-Fonseca, Omar Maria"]
[Result "0-1"]
[WhiteElo "1646"]
[BlackElo "1978"]
[PlyCount "30"]
[EventDate "2014.07.04"]
[EventType "swiss"]
[EventRounds "9"]
[EventCountry "ESP"]
[Source "lmi"]
[SourceDate "2014.07.04"]

1. Nf3 Nf6 2. g3 g6 3. b4 Bg7 4. Bb2 O-O 5. c4 c6 6. Bg2 a5 7. a3 axb4 8. axb4
Rxa1 9. Bxa1 Qb6 10. Qa4 Ne4 11. O-O Bxa1 12. Qxa1 Qxb4 13. Qe5 Nd6 14. c5 f6
15. Qxe7 Nf5 0-1

[Event "37. Open Barberá del Vallés 2014"]
[Site "Barberá del Vallés ESP"]
[Date "2014.07.12"]
[Round "9.1"]
[White "Peralta, Fernando"]
[Black "Grigoryan, Karen H"]
[Result "1-0"]
[WhiteElo "2596"]
[BlackElo "2592"]
[PlyCount "107"]
[EventDate "2014.07.04"]
[EventType "swiss"]
[EventRounds "9"]
[EventCountry "ESP"]
[Source "lmi"]
[SourceDate "2014.07.04"]

1. d4 d6 2. Nf3 Nf6 3. c4 g6 4. Nc3 Bf5 5. Nh4 Bc8 6. e4 Bg7 7. Nf3 O-O 8. h3
c5 9. d5 e6 10. Bd3 Na6 11. Bg5 exd5 12. cxd5 h6 13. Be3 b5 14. O-O c4 15. Bc2
b4 16. Ne2 Re8 17. Ng3 Bd7 18. Rc1 Qa5 19. Bb1 Rac8 20. Nd4 Bb5 21. Qf3 Bd7 22.
Rfd1 Rc7 23. Nc6 Qb5 24. Bd4 Nh7 25. Bxg7 Kxg7 26. Ne2 Bxc6 27. Nd4 Qc5 28.
Nxc6 Nb8 29. Nd4 Nf6 30. Qg3 Kh7 31. Ne6 fxe6 32. e5 Rg8 33. exf6 e5 34. Qg4
Nd7 35. f7 Rg7 36. Qxd7 Rxd7 37. f8=Q Rdf7 38. Qb8 Rxf2 39. Kh1 c3 40. bxc3 Qe3
41. Rg1 Rxg2 42. Kxg2 Qe2+ 43. Kh1 Qf3+ 44. Kh2 Qf4+ 45. Kh1 Qf3+ 46. Kh2 Qf2+
47. Rg2 Qf4+ 48. Kh1 Qxc1+ 49. Rg1 Qxc3 50. Bxg6+ Rxg6 51. Qxa7+ Kh8 52. Rxg6
Qf3+ 53. Rg2 Qd1+ 54. Kh2 1-0

[Event "37. Open Barberá del Vallés 2014"]
[Site "Barberá del Vallés ESP"]
[Date "2014.07.12"]
[Round "9.2"]
[White "Narciso Dublan, Marc"]
[Black "Gomez Garrido, Camilo Ernesto"]
[Result "1-0"]
[WhiteElo "2523"]
[BlackElo "2495"]
[PlyCount "81"]
[EventDate "2014.07.04"]
[EventType "swiss"]
[EventRounds "9"]
[EventCountry "ESP"]
[Source "lmi"]
[SourceDate "2014.07.04"]

1. e4 c5 2. Nc3 a6 3. g3 b5 4. Bg2 Bb7 5. Nh3 e6 6. O-O Nc6 7. d3 d6 8. f4 Nd4
9. f5 e5 10. Nd5 h6 11. c3 Nc6 12. a4 b4 13. a5 Nf6 14. Nxf6+ gxf6 15. Qa4 Qd7
16. Nf2 h5 17. Nd1 Ne7 18. Qxd7+ Kxd7 19. cxb4 cxb4 20. Ne3 Bh6 21. Nc4 Rag8
22. Nb6+ Kd8 23. Bxh6 Rxh6 24. Rfc1 h4 25. Rc4 hxg3 26. h3 Nc6 27. Rac1 Kc7 28.
Nd5+ Kd7 29. Nxb4 Nd8 30. Rc7+ Ke8 31. d4 Rh4 32. d5 Rf4 33. Nc6 Bxc6 34. dxc6
Rf2 35. Rc8 Rxb2 36. c7 Kd7 37. Rb8 Nc6 38. Rxg8 Kxc7 39. Rg7 Kd7 40. Rxf7+ Ke8
41. Rh7 1-0

[Event "37. Open Barberá del Vallés 2014"]
[Site "Barberá del Vallés ESP"]
[Date "2014.07.12"]
[Round "9.3"]
[White "Ghosh, Diptayan"]
[Black "Aroshidze, Levan"]
[Result "1/2-1/2"]
[WhiteElo "2468"]
[BlackElo "2565"]
[PlyCount "89"]
[EventDate "2014.07.04"]
[EventType "swiss"]
[EventRounds "9"]
[EventCountry "ESP"]
[Source "lmi"]
[SourceDate "2014.07.04"]

1. d4 Nf6 2. Bg5 e6 3. Nd2 c5 4. e3 d5 5. c3 Nc6 6. Ngf3 h6 7. Bh4 Qb6 8. Rb1
Bd7 9. Bd3 Be7 10. O-O Nh5 11. Bxe7 Nxe7 12. Ne5 Nf6 13. f4 Bb5 14. Qe2 Bxd3
15. Nxd3 Nd7 16. Nf3 Qa6 17. Nfe5 c4 18. Nb4 Qd6 19. e4 O-O 20. Nxd7 Qxd7 21.
e5 g6 22. Nc2 h5 23. g3 Nf5 24. Kg2 Kg7 25. Rf3 Rh8 26. Rg1 Qa4 27. a3 Qb3 28.
Ne3 a5 29. h3 Ra6 30. Nxf5+ gxf5 31. g4 hxg4 32. hxg4 fxg4 33. Rf2 Kf8 34. Kf1
Rb6 35. Qxg4 Ke8 36. Qg7 Rf8 37. Rh1 Qa2 38. Rh8 Qb1+ 39. Kg2 Rxh8 40. Qxh8+
Kd7 41. Qf8 Qg6+ 42. Kh2 Qh5+ 43. Kg3 Qg6+ 44. Kh2 Qh5+ 45. Kg3 1/2-1/2

[Event "37. Open Barberá del Vallés 2014"]
[Site "Barberá del Vallés ESP"]
[Date "2014.07.12"]
[Round "9.4"]
[White "Palit, Somak"]
[Black "Cruz, Jonathan"]
[Result "1/2-1/2"]
[WhiteElo "2411"]
[BlackElo "2471"]
[PlyCount "159"]
[EventDate "2014.07.04"]
[EventType "swiss"]
[EventRounds "9"]
[EventCountry "ESP"]
[Source "lmi"]
[SourceDate "2014.07.04"]

1. e4 c5 2. Nf3 d6 3. Bc4 Nf6 4. d3 Nc6 5. c3 g6 6. O-O Bg7 7. Bb3 O-O 8. Re1
e5 9. h3 h6 10. d4 Qc7 11. dxe5 dxe5 12. Nbd2 Na5 13. Nc4 Rd8 14. Qc2 Nxb3 15.
axb3 Nh5 16. Ne3 Nf4 17. c4 Ne6 18. Nd5 Qd6 19. Rd1 Kh8 20. Bd2 b6 21. b4 Nd4
22. Nxd4 cxd4 23. c5 Qc6 24. Qc1 Be6 25. Bxh6 Bxd5 26. Bxg7+ Kxg7 27. exd5 Rxd5
28. Qc4 a5 29. Rdc1 b5 30. Qd3 a4 31. Re1 f5 32. f3 Re8 33. Re2 Rd7 34. Rae1
Qd5 35. g4 Kf6 36. Kh2 Qc4 37. Qd2 d3 38. gxf5 g5 39. Rg2 Rg8 40. Re4 Rd4 41.
Qe3 Rxe4 42. fxe4 Qd4 43. Qf3 d2 44. Qd1 Qxe4 45. Qxd2 Qf4+ 46. Qxf4 exf4 47.
Rc2 Kxf5 48. c6 Ke4 49. c7 Rc8 50. Kg2 Ke3 51. Kf1 Kd3 52. Rc3+ Kd2 53. Rc5 Ke3
54. Kg2 Ke2 55. Rc2+ Kd3 56. Rc3+ Ke2 57. Rc2+ Kd3 58. Rc5 Ke2 59. Re5+ Kd3 60.
Rc5 Ke2 61. Re5+ Kd3 62. Kf3 Kc4 63. Rxg5 Rxc7 64. Kxf4 Kxb4 65. Rg2 Rf7+ 66.
Ke3 Kb3 67. h4 b4 68. Rg4 Rb7 69. Rg2 Rf7 70. h5 a3 71. bxa3 Kxa3 72. h6 Rf6
73. Rh2 Rf8 74. h7 Rh8 75. Kf4 b3 76. Kg5 b2 77. Rxb2 Kxb2 78. Kg6 Kc3 79. Kg7
Rxh7+ 80. Kxh7 1/2-1/2

[Event "37. Open Barberá del Vallés 2014"]
[Site "Barberá del Vallés ESP"]
[Date "2014.07.12"]
[Round "9.5"]
[White "Saptarshi, Roy"]
[Black "Sardana, Rishi"]
[Result "1-0"]
[WhiteElo "2449"]
[BlackElo "2363"]
[PlyCount "57"]
[EventDate "2014.07.04"]
[EventType "swiss"]
[EventRounds "9"]
[EventCountry "ESP"]
[Source "lmi"]
[SourceDate "2014.07.04"]

1. d4 d5 2. Nf3 Nf6 3. e3 g6 4. b4 Bg7 5. Bb2 O-O 6. Be2 b6 7. O-O Bb7 8. c4
dxc4 9. Bxc4 Ne4 10. Nc3 Nd6 11. Be2 Nd7 12. Nb5 Nxb5 13. Bxb5 c6 14. Be2 c5
15. b5 e6 16. a4 Qc7 17. Rc1 Rfd8 18. Qc2 a6 19. a5 axb5 20. axb6 Nxb6 21. dxc5
Bxb2 22. Qxb2 Na4 23. Qb4 Rac8 24. c6 Bxc6 25. Nd4 Qb6 26. Nxc6 Rxc6 27. Rxc6
Qxc6 28. Bxb5 Rb8 29. Bxa4 1-0

[Event "37. Open Barberá del Vallés 2014"]
[Site "Barberá del Vallés ESP"]
[Date "2014.07.12"]
[Round "9.6"]
[White "Das, Sayantan"]
[Black "Oliva Castaneda, Kevel"]
[Result "0-1"]
[WhiteElo "2381"]
[BlackElo "2419"]
[PlyCount "56"]
[EventDate "2014.07.04"]
[EventType "swiss"]
[EventRounds "9"]
[EventCountry "ESP"]
[Source "lmi"]
[SourceDate "2014.07.04"]

1. e4 c5 2. Nf3 e6 3. d4 cxd4 4. Nxd4 Nc6 5. Nc3 Qc7 6. Be3 a6 7. Qd2 Nf6 8.
O-O-O Be7 9. f3 O-O 10. g4 b5 11. g5 Nh5 12. Kb1 Rd8 13. Qf2 Rb8 14. Nb3 Ne5
15. Rg1 Nc4 16. Ba7 Rb7 17. Bd4 Nf4 18. Bf6 Re8 19. h4 Bf8 20. Bd4 a5 21. Ne2
Nxe2 22. Bxe2 e5 23. Bc5 d6 24. Be3 a4 25. Nc1 Be6 26. h5 Rc8 27. Bd3 Nxb2 28.
Rdf1 Nc4 0-1

[Event "37. Open Barberá del Vallés 2014"]
[Site "Barberá del Vallés ESP"]
[Date "2014.07.12"]
[Round "9.7"]
[White "Gonzalez Perez, Arian"]
[Black "Sagar, Shah"]
[Result "0-1"]
[WhiteElo "2494"]
[BlackElo "2314"]
[PlyCount "94"]
[EventDate "2014.07.04"]
[EventType "swiss"]
[EventRounds "9"]
[EventCountry "ESP"]
[Source "lmi"]
[SourceDate "2014.07.04"]

1. e4 c6 2. d4 d5 3. Nc3 dxe4 4. Nxe4 Bf5 5. Ng3 Bg6 6. h4 h6 7. Nf3 Nd7 8. h5
Bh7 9. Bd3 Bxd3 10. Qxd3 e6 11. Bd2 Ngf6 12. O-O-O Be7 13. Ne4 Qb6 14. c4 Nxe4
15. Qxe4 Qa6 16. Ne5 Qxa2 17. Bc3 Nxe5 18. dxe5 O-O 19. Rh3 Qa1+ 20. Kc2 Qa4+
21. Kc1 b5 22. Rd7 Rad8 23. Rhd3 bxc4 24. Rxd8 Bxd8 25. Rd6 Be7 26. Rd7 Rd8 27.
Rxd8+ Bxd8 28. Qd4 Bb6 29. Qd7 Qa1+ 30. Kd2 Qf1 31. Qe8+ Kh7 32. Qxf7 Qxf2+ 33.
Qxf2 Bxf2 34. Ke2 Bc5 35. Kf3 Kg8 36. g4 Kf7 37. Ke4 Ke8 38. Kf3 Be7 39. Ke4 c5
40. Ba5 Bd8 41. Bd2 Bg5 42. Ba5 Kd7 43. Kf3 Kc6 44. Ke4 a6 45. Kf3 Kd5 46. Bc7
Bc1 47. Bd6 Bxb2 0-1

[Event "37. Open Barberá del Vallés 2014"]
[Site "Barberá del Vallés ESP"]
[Date "2014.07.12"]
[Round "9.8"]
[White "Ruiz C, Joshua D"]
[Black "Gomez Ledo, Roberto Carlos"]
[Result "1-0"]
[WhiteElo "2374"]
[BlackElo "2429"]
[PlyCount "101"]
[EventDate "2014.07.04"]
[EventType "swiss"]
[EventRounds "9"]
[EventCountry "ESP"]
[Source "lmi"]
[SourceDate "2014.07.04"]

1. e4 d6 2. d4 c6 3. Be3 Nf6 4. f3 e5 5. Nc3 Nbd7 6. a4 Be7 7. Nge2 O-O 8. Qd2
b6 9. d5 Bb7 10. g4 a6 11. Ng3 Ne8 12. Nf5 Bh4+ 13. Nxh4 Qxh4+ 14. Bf2 Qe7 15.
dxc6 Bxc6 16. Bc4 Kh8 17. O-O Nc5 18. b4 Ne6 19. Bxb6 Nf4 20. b5 Bb7 21. Be3
Rc8 22. bxa6 Rxc4 23. axb7 Qxb7 24. Bxf4 exf4 25. Nb5 d5 26. Qxd5 Qb6+ 27. Rf2
Rxc2 28. Qd4 Qxd4 29. Nxd4 Rc4 30. Nb5 Nc7 31. Nxc7 Rxc7 32. a5 g5 33. Rb2 Ra8
34. a6 Kg7 35. Rb6 Raa7 36. Kf1 Rd7 37. Ke2 Re7 38. Ra5 h6 39. Kd3 Red7+ 40.
Rd5 Rdc7 41. e5 Rc1 42. Ra5 Re1 43. Rb7 Rxb7 44. axb7 Rb1 45. Ra7 h5 46. h3 h4
47. Kc4 Rc1+ 48. Kd5 Rb1 49. Kc5 Rc1+ 50. Kd4 Rb1 51. e6 1-0

[Event "37. Open Barberá del Vallés 2014"]
[Site "Barberá del Vallés ESP"]
[Date "2014.07.12"]
[Round "9.9"]
[White "Lorenzo De La Riva, Lazaro"]
[Black "Akshat, Khamparia"]
[Result "0-1"]
[WhiteElo "2426"]
[BlackElo "2367"]
[PlyCount "194"]
[EventDate "2014.07.04"]
[EventType "swiss"]
[EventRounds "9"]
[EventCountry "ESP"]
[Source "lmi"]
[SourceDate "2014.07.04"]

1. c4 Nf6 2. Nc3 e6 3. d4 Bb4 4. f3 O-O 5. a3 Bxc3+ 6. bxc3 Nh5 7. Nh3 f5 8.
Bg5 Qe8 9. g4 fxg4 10. fxg4 Nf6 11. Nf2 d6 12. Bg2 Nc6 13. O-O e5 14. h3 Bd7
15. Qd3 Qg6 16. Qxg6 hxg6 17. Rad1 Rac8 18. e3 Na5 19. c5 Nh7 20. Bh4 dxc5 21.
dxc5 Bc6 22. Bxc6 Nxc6 23. Rd7 g5 24. Bg3 Rf7 25. Rxf7 Kxf7 26. Ne4+ Ke6 27. c4
g6 28. Rb1 Rb8 29. Kf2 Na5 30. Rb4 a6 31. Ke2 Rd8 32. Be1 Kd7 33. Bc3 Kc8 34.
Nd2 Nf8 35. Rb1 Nc6 36. Rf1 Ne6 37. Ne4 Rh8 38. Rf6 Kd7 39. Kd3 Rh6 40. Rf3 Ke7
41. Ke2 Rh7 42. Rg3 Rf7 43. Rg1 Rh7 44. Rh1 Rf7 45. Rb1 Rh7 46. Rh1 Rf7 47. Rh2
Rf8 48. h4 Rh8 49. h5 Rh6 50. Kf3 Ng7 51. Nxg5 gxh5 52. Ke4 Rg6 53. gxh5 Rxg5
54. h6 Ne8 55. h7 Nf6+ 56. Kf3 Rf5+ 57. Ke2 Nxh7 58. Rxh7+ Rf7 59. Rh5 Ke6 60.
Rh6+ Kf5 61. Rh5+ Kg4 62. Rh8 Rg7 63. Rf8 Re7 64. Kd3 e4+ 65. Ke2 Kh5 66. Kf2
Rd7 67. Ke2 Rd3 68. Bf6 Kg4 69. Bb2 Rb3 70. Bc1 Rc3 71. Bd2 Rxc4 72. Rf7 Rxc5
73. Rf4+ Kg5 74. Rxe4 Kf5 75. Rh4 Ke6 76. Rh7 Ne5 77. Bb4 Rc2+ 78. Kd1 Rc4 79.
Kd2 Rc6 80. e4 a5 81. Bf8 Rc4 82. Ke3 Rc3+ 83. Kd2 Rd3+ 84. Ke2 Rd7 85. Rh6+
Kf7 86. Bc5 b6 87. Bf2 Nc4 88. Bh4 Rd4 89. Kf3 Kg7 90. Rh5 Kg6 91. Rh8 Nxa3 92.
Bf2 Rd7 93. Kg4 Nc4 94. Bg3 a4 95. e5 Re7 96. Rg8+ Kf7 97. Rc8 Ke6 0-1

[Event "37. Open Barberá del Vallés 2014"]
[Site "Barberá del Vallés ESP"]
[Date "2014.07.12"]
[Round "9.10"]
[White "Radovanovic, Jovica"]
[Black "Aloma Vidal, Robert"]
[Result "0-1"]
[WhiteElo "2330"]
[BlackElo "2406"]
[PlyCount "64"]
[EventDate "2014.07.04"]
[EventType "swiss"]
[EventRounds "9"]
[EventCountry "ESP"]
[Source "lmi"]
[SourceDate "2014.07.04"]

1. d4 Nf6 2. c4 e6 3. g3 Bb4+ 4. Bd2 a5 5. Nf3 d6 6. Bg2 Nbd7 7. O-O e5 8. Bg5
exd4 9. Nxd4 h6 10. Bf4 O-O 11. Qc2 Ne5 12. Nc3 Ng6 13. Bc1 Re8 14. Na4 Qe7 15.
e3 Qe5 16. f4 Qh5 17. f5 Ne5 18. a3 Bc5 19. h3 Bd7 20. Nxc5 dxc5 21. Nb5 Bxb5
22. cxb5 Nfd7 23. g4 Qh4 24. Bxb7 Rab8 25. Bg2 c4 26. a4 Nc5 27. Bd2 Nb3 28.
Rad1 Rbd8 29. Bc1 Qg3 30. Rxd8 Rxd8 31. e4 Nd4 32. Qc3 Ne2+ 0-1

[Event "37. Open Barberá del Vallés 2014"]
[Site "Barberá del Vallés ESP"]
[Date "2014.07.12"]
[Round "9.11"]
[White "Sanchez Enriquez, Oscar Gerard"]
[Black "Hernando Rodrigo, Julio Antoni"]
[Result "1-0"]
[WhiteElo "2401"]
[BlackElo "2332"]
[PlyCount "83"]
[EventDate "2014.07.04"]
[EventType "swiss"]
[EventRounds "9"]
[EventCountry "ESP"]
[Source "lmi"]
[SourceDate "2014.07.04"]

1. Nf3 Nf6 2. c4 b6 3. g3 Bb7 4. Bg2 e6 5. O-O Be7 6. d4 d5 7. Ne5 O-O 8. Nc3
c5 9. dxc5 bxc5 10. cxd5 exd5 11. Qb3 Bc6 12. Nxc6 Nxc6 13. Nxd5 Nd4 14. Nxf6+
Bxf6 15. Qd1 Rb8 16. e3 Ne6 17. Qc2 Qc7 18. Rb1 c4 19. Bd2 Rfc8 20. Bc3 Be7 21.
Qe4 Rb5 22. Rfd1 h5 23. h4 Bd6 24. Rd5 Rxd5 25. Qxd5 Qb6 26. Rd1 Bb4 27. Qb7
Qxb7 28. Bxb7 Rb8 29. Ba6 Bxc3 30. bxc3 Nc5 31. Bxc4 Rc8 32. Rd4 Kf8 33. Bd5
Ke7 34. Rb4 f6 35. c4 Kd6 36. Kf1 Nd7 37. Rb7 g5 38. Rxa7 gxh4 39. gxh4 Rb8 40.
Rb7 Rxb7 41. Bxb7 Ne5 42. Kg2 1-0

[Event "37. Open Barberá del Vallés 2014"]
[Site "Barberá del Vallés ESP"]
[Date "2014.07.12"]
[Round "9.12"]
[White "Garriga Cazorla, Pere"]
[Black "Matnadze, Ana"]
[Result "1/2-1/2"]
[WhiteElo "2222"]
[BlackElo "2389"]
[PlyCount "152"]
[EventDate "2014.07.04"]
[EventType "swiss"]
[EventRounds "9"]
[EventCountry "ESP"]
[Source "lmi"]
[SourceDate "2014.07.04"]

1. d4 Nf6 2. c4 e6 3. Nc3 Bb4 4. e3 Nc6 5. Nge2 d5 6. a3 Be7 7. cxd5 exd5 8. g3
h5 9. h3 Na5 10. Bg2 c6 11. f3 Be6 12. O-O Qd7 13. Nf4 Bd6 14. Nxe6 fxe6 15. e4
Bxg3 16. e5 Ng8 17. Bg5 h4 18. Ne2 Nh6 19. Nxg3 hxg3 20. Qe1 Nb3 21. Rd1 a5 22.
Qxg3 Nf5 23. Qf2 a4 24. f4 Qc7 25. Rd3 Ra5 26. Rfd1 Rb5 27. Bf1 Na5 28. Rc3 Rb3
29. Bd3 Qf7 30. Bf1 Rxc3 31. bxc3 Nc4 32. Re1 b5 33. Bxc4 dxc4 34. Qf3 Qd7 35.
Re2 Qd5 36. Qxd5 cxd5 37. Kg2 Kd7 38. Re1 Kc6 39. Rb1 Rb8 40. Ra1 Ra8 41. Rb1
Rh8 42. Kh2 Rb8 43. Ra1 Kd7 44. Kg2 Rh8 45. Rb1 Kc6 46. Ra1 b4 47. axb4 Kb5 48.
h4 g6 49. Kh3 Ra8 50. Ra3 Ra7 51. Kh2 Ne3 52. f5 Nxf5 53. Kg2 Rh7 54. Kh3 Nxh4
55. Bxh4 g5 56. Kg4 gxh4 57. Kh3 Rh8 58. Ra1 Rh7 59. Ra3 Rg7 60. Kxh4 Rg1 61.
Ra2 Rc1 62. Ra3 Rb1 63. Kg5 Rb3 64. Ra1 Rxc3 65. Kf6 Rd3 66. Kxe6 Rxd4 67. Kd6
c3 68. e6 c2 69. Rc1 Rd2 70. e7 Re2 71. Rxc2 Rxe7 72. Kxe7 Kxb4 73. Rd2 a3 74.
Rxd5 a2 75. Rd1 Kb3 76. Kd6 Kb2 1/2-1/2

[Event "37. Open Barberá del Vallés 2014"]
[Site "Barberá del Vallés ESP"]
[Date "2014.07.12"]
[Round "9.13"]
[White "Ramirez Garcia, Jorge Alberto"]
[Black "Munoz Pantoja, Miguel"]
[Result "0-1"]
[WhiteElo "2260"]
[BlackElo "2457"]
[PlyCount "72"]
[EventDate "2014.07.04"]
[EventType "swiss"]
[EventRounds "9"]
[EventCountry "ESP"]
[Source "lmi"]
[SourceDate "2014.07.04"]

1. e4 d5 2. exd5 Qxd5 3. Nf3 Bg4 4. Be2 Nc6 5. h3 Bxf3 6. Bxf3 Qe5+ 7. Qe2
Qxe2+ 8. Bxe2 O-O-O 9. d3 e5 10. Nd2 f5 11. Nc4 Nf6 12. Bd2 e4 13. O-O-O Bc5
14. Ne3 g6 15. Rhe1 Rhe8 16. g3 Nd4 17. Bc3 Nxe2+ 18. Rxe2 exd3 19. cxd3 Nd5
20. Kd2 Nb4 21. Bxb4 Bxb4+ 22. Kc2 Re6 23. a3 Ba5 24. b4 Bb6 25. Rde1 Red6 26.
Rd2 Rc6+ 27. Nc4 Bd4 28. b5 Rc5 29. a4 c6 30. Re6 cxb5 31. axb5 Kb8 32. b6 axb6
33. Kb1 b5 34. Na3 Bc3 35. Rd1 b4 36. Nc2 Ra5 0-1

[Event "37. Open Barberá del Vallés 2014"]
[Site "Barberá del Vallés ESP"]
[Date "2014.07.12"]
[Round "9.14"]
[White "Mascaro March, Pedro"]
[Black "Herrera Reyes, Jose Antonio"]
[Result "0-1"]
[WhiteElo "2417"]
[BlackElo "2239"]
[PlyCount "94"]
[EventDate "2014.07.04"]
[EventType "swiss"]
[EventRounds "9"]
[EventCountry "ESP"]
[Source "lmi"]
[SourceDate "2014.07.04"]

1. d4 Nf6 2. Nf3 g6 3. c4 Bg7 4. Nc3 O-O 5. Bg5 d6 6. e3 c6 7. Be2 Qc7 8. Qc2
e5 9. O-O Re8 10. b4 Bf5 11. Qb3 Nbd7 12. dxe5 dxe5 13. c5 b6 14. cxb6 axb6 15.
Rac1 Qa7 16. Bc4 Nf8 17. b5 c5 18. Bxf6 Bxf6 19. Bd5 Rad8 20. Nd2 Ne6 21. Nde4
Bg7 22. h3 Qe7 23. Bc6 Rf8 24. Nd5 Qh4 25. Ng3 Bxh3 26. gxh3 Ng5 27. Qc4 e4 28.
Ne7+ Kh8 29. Nxe4 Nf3+ 30. Kg2 Ne5 31. Nxg6+ fxg6 32. Qe6 c4 33. f4 Nxc6 34.
Qxc6 Rd3 35. Rf3 c3 36. Nf2 Rdd8 37. Qxb6 Qe7 38. Qc6 Qa3 39. Rc2 Rd2 40. Rxd2
cxd2 41. Qc2 Qc1 42. Qb3 Qe1 43. Nd1 g5 44. fxg5 Rg8 45. Rf1 Be5 46. Qxg8+ Kxg8
47. Nf2 Qxe3 0-1

[Event "37. Open Barberá del Vallés 2014"]
[Site "Barberá del Vallés ESP"]
[Date "2014.07.12"]
[Round "9.15"]
[White "Cruz, Filemon"]
[Black "Rojano Alfonso, Carlos"]
[Result "1-0"]
[WhiteElo "2412"]
[BlackElo "2213"]
[PlyCount "157"]
[EventDate "2014.07.04"]
[EventType "swiss"]
[EventRounds "9"]
[EventCountry "ESP"]
[Source "lmi"]
[SourceDate "2014.07.04"]

1. Nf3 Nf6 2. c4 e6 3. b3 b6 4. Bb2 Bb7 5. e3 d5 6. Be2 Be7 7. O-O O-O 8. Nc3
c5 9. cxd5 Nxd5 10. Rc1 Bf6 11. Qc2 Nd7 12. a3 Qe7 13. d3 Rfe8 14. Rfd1 Nxc3
15. Bxc3 Bxc3 16. Qxc3 e5 17. Nd2 Nf6 18. Qb2 Nd5 19. Bf3 Rad8 20. Nc4 Qe6 21.
Qe2 Re7 22. Bg4 Qg6 23. Bh3 f5 24. Qb2 Qf6 25. b4 cxb4 26. axb4 g5 27. Bxf5
Qxf5 28. e4 Qe6 29. exd5 Bxd5 30. Ne3 Bb3 31. Rd2 a5 32. bxa5 bxa5 33. Rc5 a4
34. d4 Red7 35. d5 Qb6 36. Rc1 Qa5 37. Rd3 Qb6 38. Rdc3 Qb4 39. h3 Qd4 40. Rxb3
axb3 41. Qxb3 Rf8 42. Rd1 Qf4 43. Qb2 h5 44. Qe2 Kg7 45. Rc1 e4 46. Rc6 Rb7 47.
Rc1 Qf6 48. Nd1 Qe5 49. Qxh5 Qxd5 50. Ne3 Qe5 51. Ng4 Qf4 52. Qh6+ Kg8 53. Re1
Qf5 54. Qc6 Ra7 55. Rxe4 Kh8 56. Qc3+ Rg7 57. Re5 Qg6 58. Qe3 Qb1+ 59. Kh2 Qb8
60. g3 Qb2 61. Qe1 Rgf7 62. Re2 Qd4 63. Rd2 Qc3 64. Qe2 Rf5 65. Rd7 Qa1 66. Kg2
Qa8+ 67. Kg1 Qa1+ 68. Rd1 Qc3 69. Qe6 Qg7 70. Qc6 R5f7 71. Rd5 Rf5 72. Rd7 R5f7
73. Rd1 Rf5 74. Kg2 Rb8 75. Rd6 Qf7 76. Qc3+ Qg7 77. Qc6 Qf7 78. Rd7 Qf8 79.
Qg6 1-0

[Event "37. Open Barberá del Vallés 2014"]
[Site "Barberá del Vallés ESP"]
[Date "2014.07.12"]
[Round "9.16"]
[White "Gurevich, Daniel"]
[Black "Iagar, Razvan-Gabriel"]
[Result "1-0"]
[WhiteElo "2317"]
[BlackElo "2168"]
[PlyCount "115"]
[EventDate "2014.07.04"]
[EventType "swiss"]
[EventRounds "9"]
[EventCountry "ESP"]
[Source "lmi"]
[SourceDate "2014.07.04"]

1. e4 e6 2. d4 d5 3. exd5 exd5 4. Nf3 Bd6 5. c4 Nf6 6. c5 Be7 7. Bd3 O-O 8. O-O
Nc6 9. Be3 Re8 10. h3 Bf8 11. Nc3 h6 12. a3 g6 13. Qc2 Bg7 14. Rad1 Ne7 15. Qc1
Kh7 16. Ne5 Rf8 17. g4 c6 18. f4 Nd7 19. Qc2 f5 20. Qg2 Qe8 21. Rde1 Nf6 22.
Kh1 Ne4 23. Ne2 Ng8 24. Rg1 Ngf6 25. Qh2 Be6 26. Rg2 Rg8 27. Reg1 Bf8 28. g5
hxg5 29. fxg5 Nh5 30. Nf4 Nxf4 31. Bxf4 Rh8 32. Re2 Kg8 33. Rc1 Rc8 34. Kg2 Rh7
35. h4 Be7 36. Nf3 Bd8 37. Rec2 Bc7 38. Bxc7 Rcxc7 39. Qf4 Rce7 40. b4 a6 41.
Rb2 Bd7 42. Rb3 Qd8 43. Rh1 Qe8 44. Rh2 Be6 45. Kg1 Bd7 46. Kf1 Be6 47. Kg2 Bd7
48. Kg1 Be6 49. Ne5 Bd7 50. a4 Kg7 51. Be2 Bc8 52. Rbh3 a5 53. h5 gxh5 54. g6
Rh8 55. Rxh5 Rxh5 56. Rxh5 Re6 57. Rh7+ Kg8 58. Qh6 1-0

[Event "37. Open Barberá del Vallés 2014"]
[Site "Barberá del Vallés ESP"]
[Date "2014.07.12"]
[Round "9.17"]
[White "Vehi Bach, Victor Manuel"]
[Black "Garcia Ramos, Daniel"]
[Result "1-0"]
[WhiteElo "2313"]
[BlackElo "1975"]
[PlyCount "65"]
[EventDate "2014.07.04"]
[EventType "swiss"]
[EventRounds "9"]
[EventCountry "ESP"]
[Source "lmi"]
[SourceDate "2014.07.04"]

1. e4 c5 2. Nf3 d6 3. d4 cxd4 4. Nxd4 Nf6 5. Nc3 g6 6. Be3 Bg7 7. f3 O-O 8. Qd2
Nc6 9. Bc4 Bd7 10. O-O-O Rc8 11. Bb3 Na5 12. Kb1 Nc4 13. Bxc4 Rxc4 14. g4 b5
15. b3 Rc8 16. Ndxb5 Qa5 17. a4 a6 18. Nd5 Qxd2 19. Nxe7+ Kh8 20. Rxd2 Rce8 21.
Nxd6 Rxe7 22. Bc5 Bc6 23. Nc4 Re6 24. Bxf8 Bxf8 25. Rd8 Kg7 26. Na5 Be8 27.
Rhd1 Be7 28. Ra8 h6 29. Nc4 Kf8 30. e5 Nh7 31. f4 f5 32. gxf5 gxf5 33. Nd6 1-0